Statistics for Spolkové země Německa

Click here to take the quiz!

General Stats

  • This quiz has been taken 51 times
  • The average score is 10 of 16

Answers on the Map

Answers color-coded by a green-red scale on the quiz's map according to % correct below.
 

Answer Stats

State% Correct
Bavorsko
97%
Berlín
94%
Sasko
84%
Hamburk
77%
Braniborsko
68%
Severní Porýní-Vestfálsko
68%
Meklenbursko-Přední Pomořansko
58%
Brémy
55%
Dolní Sasko
55%
Durynsko
48%
Bádensko-Württembersko
45%
Sársko
45%
Šlesvicko-Holštýnsko
45%
Hesensko
42%
Sasko-Anhaltsko
39%
Porýní-Falc
35%

Score Distribution

Percentile by Number Answered

Percent of People with Each Score

Your Score History

You have not taken this quiz